LEADER 01041nas 2200373- 450 001 9910647790603321 005 20221206105344.0 011 $a2057-035X 035 $a(OCoLC)988784370 035 $a(CKB)3580000000001654 035 $a(CONSER)--2018204133 035 $a(EXLCZ)993580000000001654 100 $a20151203a20169999 --- a 101 0 $aeng 135 $aurmn|||||n||| 181 $ctxt$2rdacontent 182 $cc$2rdamedia 183 $acr$2rdacarrier 200 00$aJournal of interdisciplinary voice studies 210 1$aBristol :$cIntellect Ltd.,$d2016- 215 $a1 online resource (volumes) $cillustrations 300 $aRefereed/Peer-reviewed 311 $a2057-0341 517 1 $aJIVS 606 $aVoice$vPeriodicals 606 $aVoice$2fast$3(OCoLC)fst01168739 608 $aPeriodicals.$2fast 615 0$aVoice 615 7$aVoice. 676 $a808.5 906 $aJOURNAL 912 $a9910647790603321 996 $aJournal of interdisciplinary voice studies$93015224 997 $aUNINA